Модернизация подготовки кадров для обеспечения развития экономики; Инженерное образование; № 22
| Parent link: | Инженерное образование: электронный научный журнал/ Ассоциация инженерного образования России (АИОР).— : [Б. и.], 2003-.— 1810-2883 № 22.— 2017.— [С. 198-208] |
|---|---|
| Glavni autor: | |
| Daljnji autori: | |
| Sažetak: | Заглавие с титульного листа Рассматривается необходимость модернизации отечественной системы подготовки кадров с высшим образованием для обеспечения роста промышленного производства и существенного увеличения выпуска инновационной продукции. Задача вузов - повысить педагогическую квалификацию преподавателей для эффективного использования современных технологий обучения. Формировать у студентов основополагающую компетентность - приверженность качеству. Предлагается обсудить новые принципиальные подходы в системе обучения и воспитания. Высказано мнение о том, что подготовка выпускников технических направлений уровня бакалавров уже в недалеком будущем станет тормозом для развития современной инновационной экономики. |
| Jezik: | ruski |
| Izdano: |
2017
|
| Serija: | Подготовка инженеров: партнерство вузов и предприятий |
| Teme: | |
| Online pristup: | https://old.aeer.ru/files/io/m22/art_28.pdf |
| Format: | Elektronički Poglavlje knjige |
| KOHA link: | https://koha.lib.tpu.ru/cgi-bin/koha/opac-detail.pl?biblionumber=576934 |
MARC
| LEADER | 00000naa2a2200000 4500 | ||
|---|---|---|---|
| 001 | 576934 | ||
| 005 | 20250520140612.0 | ||
| 035 | |a (RuTPU)RU\TPU\prd\276098 | ||
| 035 | |a RU\TPU\prd\276096 | ||
| 090 | |a 576934 | ||
| 100 | |a 20180312a2017 k y0rusy50 ca | ||
| 101 | 0 | |a rus | |
| 102 | |a RU | ||
| 135 | |a drcn ---uucaa | ||
| 181 | 0 | |a i | |
| 182 | 0 | |a b | |
| 200 | 1 | |a Модернизация подготовки кадров для обеспечения развития экономики |b Электронный ресурс |f В. П. Соловьёв, Т. А. Перескокова | |
| 203 | |a Текст |c электронный | ||
| 215 | |a 1 файл (397 Кб) | ||
| 225 | 1 | |a Подготовка инженеров: партнерство вузов и предприятий | |
| 230 | |a Электронные текстовые данные (1 файл : 397 Кб) | ||
| 300 | |a Заглавие с титульного листа | ||
| 320 | |a [Библиогр.: с. 208 (6 назв.)] | ||
| 330 | |a Рассматривается необходимость модернизации отечественной системы подготовки кадров с высшим образованием для обеспечения роста промышленного производства и существенного увеличения выпуска инновационной продукции. Задача вузов - повысить педагогическую квалификацию преподавателей для эффективного использования современных технологий обучения. Формировать у студентов основополагающую компетентность - приверженность качеству. Предлагается обсудить новые принципиальные подходы в системе обучения и воспитания. Высказано мнение о том, что подготовка выпускников технических направлений уровня бакалавров уже в недалеком будущем станет тормозом для развития современной инновационной экономики. | ||
| 461 | 1 | |0 (RuTPU)RU\TPU\prd\176632 |x 1810-2883 |t Инженерное образование |o электронный научный журнал |f Ассоциация инженерного образования России (АИОР) |n [Б. и.] |d 2003- | |
| 463 | 1 | |0 (RuTPU)RU\TPU\prd\275926 |t № 22 |v [С. 198-208] |d 2017 | |
| 610 | 1 | |a инженерное образование | |
| 610 | 1 | |a электронный ресурс | |
| 610 | 1 | |a качество | |
| 610 | 1 | |a экономика | |
| 610 | 1 | |a образование | |
| 610 | 1 | |a бакалавры | |
| 610 | 1 | |a инженеры | |
| 610 | 1 | |a компетентность | |
| 610 | 1 | |a quality | |
| 610 | 1 | |a economics | |
| 610 | 1 | |a education | |
| 610 | 1 | |a engineers | |
| 610 | 1 | |a competence | |
| 700 | 1 | |a Соловьёв |b В. П. | |
| 701 | 1 | |a Перескокова |b Т. А. | |
| 801 | 1 | |a RU |b 63413507 |c 20090623 |g PSBO | |
| 801 | 2 | |a RU |b 63413507 |c 20180312 |g PSBO | |
| 856 | 4 | |u https://old.aeer.ru/files/io/m22/art_28.pdf | |
| 942 | |c BK | ||